000 00471 a2200133 4500
003 Nust
005 20170207165248.0
040 _cNust
082 _a799
245 _aLec by Col Muhammad Fayyaz Khan on Estb of Secure Cellular Comm for Pak Army, Photographs-2014
_cMCS
260 _aRawalpindi
_bMCS
_c30-05-2014
650 _aPictures of Lec by Col Muhammad Fayyaz Khan on Estb of Secure Cellular Comm for Pak Army, Photographs-2014 (CD-NO 24 Vol III)
651 _aSweet Memories-MCS
942 _cBK
999 _c211337
_d211337